000
00258nam a2200109Ia 4500
008
230206s9999 xx 000 0 und d
022
_a
0972-7272
041
_a
eng
245
_a
Journal of Digital Information Management
260
_b
Samutkarsh
650
_a
IT
999
_c
97558
_d
97558